000 00262nam a2200109Ia 4500
008 230222s9999 xx 000 0 und d
100 _aNedukunnam Gopalakrishnan
245 0 _aAmritha Kavyangal (Malayalam)
250 _a1
260 _bAnurag
_c1982
942 _cBK
999 _c32164
_d32164